Plot to reform CIS (Record no. 69249)

MARC details
000 -LEADER
fixed length control field 00877cam a2200205 4500
001 - CONTROL NUMBER
control field WB3801-07
008 - FIXED-LENGTH DATA ELEMENTS--GENERAL INFORMATION
fixed length control field 020110n2002 000 0 eng u
035 ## - SYSTEM CONTROL NUMBER
System control number (Sirsi) u116230
245 ## - TITLE STATEMENT
Title Plot to reform CIS
260 ## - PUBLICATION, DISTRIBUTION, ETC.
Date of publication, distribution, etc. 2002
490 ## - SERIES STATEMENT
Series statement Contract Journal
Volume/sequential designation 411(6359) 9 January 2002, 1(1)
520 ## - SUMMARY, ETC.
Summary, etc. The Construction Federation, UCATT, and the Recruitment and Employment Federation have formed a united front to lobby government on reforming the Construction Industry Scheme (CIS), which regulates the industry's tax affairs relating to employment. A recent report suggested that at least 361,000 construction workers are currently falsely categorised as self-employed.
590 ## - LOCAL NOTE (RLIN)
Local note WB
650 ## - SUBJECT ADDED ENTRY--TOPICAL TERM
Topical term or geographic name entry element SELF-EMPLOYMENT
650 ## - SUBJECT ADDED ENTRY--TOPICAL TERM
Topical term or geographic name entry element CONSTRUCTION INDUSTRY SCHEME
650 ## - SUBJECT ADDED ENTRY--TOPICAL TERM
Topical term or geographic name entry element TAXATION
650 ## - SUBJECT ADDED ENTRY--TOPICAL TERM
Topical term or geographic name entry element EMPLOYMENT STATUS
690 ## - LOCAL SUBJECT ADDED ENTRY--TOPICAL TERM (OCLC, RLIN)
Topical term or geographic name as entry element BUILT ENVIRONMENT
942 ## - ADDED ENTRY ELEMENTS (KOHA)
Suppress in OPAC 0
Holdings
Withdrawn status Lost status Source of classification or shelving scheme Damaged status Not for loan Home library Current library Shelving location Date acquired Total Checkouts Full call number Barcode Date last seen Copy number Price effective from Koha item type
    Dewey Decimal Classification     London London News article 10/01/2002   WB3801-07 116230-1001 06/08/2019 1 06/08/2019 News article